Statistics for As If It's Your Last - Lisa's rap lyrics

Click here to take the quiz!

General Stats

  • This quiz has been taken 33 times
  • The average score is 36 of 58

Answer Stats

Answer% Correct
baby
87%
baby
87%
I
87%
and
83%
and
83%
and
83%
love
83%
love
83%
me
83%
me
83%
you
83%
you
83%
you
83%
you
83%
all
74%
be
74%
be
74%
give
74%
the
70%
the
70%
this
70%
call
65%
catch
65%
fall
65%
in
65%
my
65%
my
65%
nasty
65%
of
65%
pretty
65%
Bonnie
61%
Clyde
61%
Os
61%
we
61%
we
61%
we
61%
Xs
61%
gon
57%
gon
57%
Imma
57%
it
57%
it
57%
can
52%
finna
52%
get
52%
ride
52%
die
48%
gonna
48%
or
48%
black
43%
cause
43%
on
43%
on
43%
stack
39%
bet
35%
double
35%
them
30%
whoa
9%

Score Distribution

Percentile by Number Answered

Percent of People with Each Score

Your Score History

You have not taken this quiz